Kraje Azji wdg liczby martwych na koronowirusa - Statystyki

Ogólne statystyki
  • Ten quiz został rozwiązany 78 razy
  • Średni wynik to 5 z 7
Statystyki odpowiedzi
Martwi Kraj % Poprawnych
2,9 tys Chiny
100%
6 Japonia
94%
28 Korea Południowa
90%
1 Tajlandia
58%
66 Iran
49%
1 Tajwan
42%
1 Filipiny
39%
Nie znaleziono quizów pasujących do podanych kryteriów
Rozkład punktacji
Procent ludzi z każdym wynikiem
Percentyl według liczby udzielonych odpowiedzi
Twoja historia wyników
Nie rozwiązałeś tego quizu